Intelligent drug prescribing in psychiatry : (Record no. 43852)

MARC details
001 - CONTROL NUMBER
control field 23613337
003 - CONTROL NUMBER IDENTIFIER
control field 0000
005 - DATE AND TIME OF LATEST TRANSACTION
control field 20251016152710.0
008 - FIXED-LENGTH DATA ELEMENTS--GENERAL INFORMATION
fixed length control field 240319s2024 enk b 001 0 eng
010 ## - LIBRARY OF CONGRESS CONTROL NUMBER
LC control number 2024012499
020 ## - INTERNATIONAL STANDARD BOOK NUMBER
International Standard Book Number 9781032619002
020 ## - INTERNATIONAL STANDARD BOOK NUMBER
International Standard Book Number 9781032609805
035 ## - SYSTEM CONTROL NUMBER
System control number 23613337
040 ## - CATALOGING SOURCE
Original cataloging agency DNLM/DLC
Language of cataloging eng
Description conventions rda
Transcribing agency DLC
Modifying agency DLC
042 ## - AUTHENTICATION CODE
Authentication code pcc
050 00 - LIBRARY OF CONGRESS CALL NUMBER
Classification number RC 483
060 00 - NATIONAL LIBRARY OF MEDICINE CALL NUMBER
Classification number QV 77
082 00 - DEWEY DECIMAL CLASSIFICATION NUMBER
Classification number 616.89/18
Edition number 23/eng/20241002
100 1# - MAIN ENTRY--PERSONAL NAME
Personal name Tyrer, Peter J.,
Relator term author.
245 10 - TITLE STATEMENT
Title Intelligent drug prescribing in psychiatry :
Remainder of title supporting the patient-prescriber partnership /
Statement of responsibility, etc Peter Tyrer.
250 ## - EDITION STATEMENT
Edition statement First edition.
263 ## - PROJECTED PUBLICATION DATE
Projected publication date 2411
264 #1 - PUBLICATION, DISTRIBUTION, ETC. (IMPRINT)
Place of publication, distribution, etc Abington, Oxon ;
-- Boca Raton, FL :
Name of publisher, distributor, etc CRC Press,
Date of publication, distribution, etc 2024.
300 ## - PHYSICAL DESCRIPTION
Extent x, 157 pages
336 ## - CONTENT TYPE
Content type term text
Content type code txt
Source rdacontent
337 ## - MEDIA TYPE
Media type term unmediated
Media type code n
Source rdamedia
338 ## - CARRIER TYPE
Carrier type term volume
Carrier type code nc
Source rdacarrier
500 ## - GENERAL NOTE
General note Includes bibliographical references and index.
504 ## - BIBLIOGRAPHY, ETC. NOTE
Bibliography, etc Includes bibliographical references and index.
505 0# - FORMATTED CONTENTS NOTE
Formatted contents note Models of drug action in psychiatry -- What should patients know about psychotropic drugs? -- What happens when drugs enter the body -- Essential elements to understand in prescribing -- Diagnosis and drug indications -- Personality and drug treatment -- The special problem of benzodiazepines -- The confusing world of withdrawal -- Drug prescription in young and older people -- Understanding the placebo response -- Deprescribing -- Prescribing policies -- Full list of psychotropic drugs and their indications.
650 12 - SUBJECT ADDED ENTRY--TOPICAL TERM
Topical term or geographic name as entry element Psychopharmacology
General subdivision methods
650 12 - SUBJECT ADDED ENTRY--TOPICAL TERM
Topical term or geographic name as entry element Drug Prescriptions
650 22 - SUBJECT ADDED ENTRY--TOPICAL TERM
Topical term or geographic name as entry element Mental Disorders
General subdivision drug therapy
650 22 - SUBJECT ADDED ENTRY--TOPICAL TERM
Topical term or geographic name as entry element Psychotropic Drugs
General subdivision pharmacology
650 22 - SUBJECT ADDED ENTRY--TOPICAL TERM
Topical term or geographic name as entry element Professional-Patient Relations
650 22 - SUBJECT ADDED ENTRY--TOPICAL TERM
Topical term or geographic name as entry element Psychiatry
776 08 - ADDITIONAL PHYSICAL FORM ENTRY
Relationship information Online version:
Main entry heading Tyrer, Peter J.
Title Intelligent drug prescribing in psychiatry
Edition First edition
Place, publisher, and date of publication Abington, Oxon ; Boca Raton, FL : CRC Press, 2024
International Standard Book Number 9781032619019
Record control number (DLC) 2024012500
906 ## - LOCAL DATA ELEMENT F, LDF (RLIN)
a 7
b cbc
c orignew
d 1
e ecip
f 20
g y-gencatlg
942 ## - ADDED ENTRY ELEMENTS (KOHA)
Source of classification or shelving scheme Library of Congress Classification
Koha item type Books
Holdings
Withdrawn status Lost status Source of classification or shelving scheme Damaged status Not for loan Permanent Location Current Location Date acquired Total Checkouts Full call number Barcode Date last seen Price effective from Koha item type
    Library of Congress Classification     NILE UNIVERSITY OF NIGERIA - MAIN LIBRARY NILE UNIVERSITY OF NIGERIA - MAIN LIBRARY 10/16/2025   RC 483 T97 2025 0199224 10/16/2025 10/16/2025 Books